Հայ գիրքը 1512-1800 թվականներին : (Record no. 9411)
[ view plain ]
| 000 -LEADER | |
|---|---|
| fixed length control field | 01950nam a2200349 a 4500 |
| 001 - CONTROL NUMBER | |
| control field | 000023628 |
| 003 - CONTROL NUMBER IDENTIFIER | |
| control field | AM-YEHGA |
| 005 - DATE AND TIME OF LATEST TRANSACTION | |
| control field | 20250618070844.0 |
| 008 - FIXED-LENGTH DATA ELEMENTS--GENERAL INFORMATION | |
| fixed length control field | 030329s1988 ai ||||gr|||||||||0|arm|d |
| 040 ## - CATALOGING SOURCE | |
| Original cataloging agency | AM-YeHGA |
| 041 0# - LANGUAGE CODE | |
| Language code of text/sound track or separate title | arm |
| 090 ## - LOCALLY ASSIGNED LC-TYPE CALL NUMBER (OCLC); LOCAL CALL NUMBER (RLIN) | |
| -- | 9476 |
| 100 1# - MAIN ENTRY--PERSONAL NAME | |
| Personal name | Ոսկանյան, Նինել Աշոտի, |
| Dates associated with a name | 1923-2007 |
| 9 (RLIN) | 3228 |
| 245 10 - TITLE STATEMENT | |
| Title | Հայ գիրքը 1512-1800 թվականներին : |
| Remainder of title | Հայ հնատիպ գրքի մատենագիտություն / |
| Statement of responsibility, etc. | Ն.Ա. Ոսկանյան և ուրիշ. ; ՀՍՍՀ կուլտ. մինիստր.; Խմբ.՝ Ռ.Ա. Իշխանյան; Ալ. Մյասնիկյանի անվ. ժող. բարեկամ. շքանշանակիր ՀՍՍՀ պետ. գրադ. |
| 246 15 - VARYING FORM OF TITLE | |
| Title proper/short title | The Armenian book in 1512-1800 : The old-print books (bibliography) |
| 246 15 - VARYING FORM OF TITLE | |
| Title proper/short title | Армянская книга в 1512-1800 гг. : Старопечатная книга |
| 260 ## - PUBLICATION, DISTRIBUTION, ETC. | |
| Place of publication, distribution, etc. | Երևան : |
| Name of publisher, distributor, etc. | Ա. հ., |
| Date of publication, distribution, etc. | 1988. |
| 300 ## - PHYSICAL DESCRIPTION | |
| Extent | 864 էջ : |
| Other physical details | դիմանկ. ; |
| Dimensions | 30 սմ. |
| 440 #0 - SERIES STATEMENT/ADDED ENTRY--TITLE | |
| Title | Հայ գրքի մատենագիտություն |
| Volume/sequential designation | Հ. Ա |
| 504 ## - BIBLIOGRAPHY, ETC. NOTE | |
| Bibliography, etc. note | Տողատակի մատենագիտ ծանոթագր. |
| 546 ## - LANGUAGE NOTE | |
| Language note | Առաջաբ.՝ Ն. Ոսկանյանի (հայ., ռուս. և անգլ. լեզուներով) |
| 650 14 - SUBJECT ADDED ENTRY--TOPICAL TERM | |
| Topical term or geographic name entry element | Տպագրություն և հրատարակչական գործ |
| 650 14 - SUBJECT ADDED ENTRY--TOPICAL TERM | |
| Topical term or geographic name entry element | Մատենագիտություն |
| 653 0# - INDEX TERM--UNCONTROLLED | |
| Uncontrolled term | Հայ գրքի պատմություն |
| 700 1# - ADDED ENTRY--PERSONAL NAME | |
| Personal name | Կորկոտյան, Քնարիկ Արամի, |
| Dates associated with a name | 1927-1999 |
| 9 (RLIN) | 1001 |
| 700 1# - ADDED ENTRY--PERSONAL NAME | |
| Personal name | Սավալյան, Անթարամ Միհրանի |
| 700 1# - ADDED ENTRY--PERSONAL NAME | |
| Personal name | Իշխանյան, Ռաֆայել Ավետիսի, |
| Dates associated with a name | 1922-1995 |
| Relator term | խմբ. |
| Relationship | edt |
| 9 (RLIN) | 1259 |
| 710 2# - ADDED ENTRY--CORPORATE NAME | |
| Corporate name or jurisdiction name as entry element | ՀՍՍՀ Կուլտուրայի մինիստրության |
| 710 2# - ADDED ENTRY--CORPORATE NAME | |
| Corporate name or jurisdiction name as entry element | ՀՍՍՀ Պետական գրադարան Ալ. Մյասնիկյանի անվան |
| 856 41 - ELECTRONIC LOCATION AND ACCESS | |
| Uniform Resource Identifier | <a href="https://arar.sci.am/dlibra/publication/286461/edition/263047/content">https://arar.sci.am/dlibra/publication/286461/edition/263047/content</a> |
| Link text | Կարդալ առցանց |
| 942 ## - ADDED ENTRY ELEMENTS (KOHA) | |
| Source of classification or shelving scheme | Universal Decimal Classification |
| Koha item type | Գրքեր / Books |
| Withdrawn status | Lost status | Damaged status | Not for loan | Collection | Home library | Current library | Date acquired | Total checkouts | Full call number | Barcode | Date last seen | Cost, replacement price | Price effective from | Koha item type | Public note | Copy number | Source of classification or shelving scheme |
|---|---|---|---|---|---|---|---|---|---|---|---|---|---|---|---|---|---|
| General | Fundamental Scientific Library | Fundamental Scientific Library | 21/12/2016 | AIII/6199 | FL0226835 | 21/12/2016 | 20000.00 | 21/12/2016 | Գրքեր / Books | 30 Days Loan | |||||||
| General | Fundamental Scientific Library | Fundamental Scientific Library | 21/12/2016 | AIII/6200 | FL0075608 | 21/12/2016 | 21/12/2016 | Գրքեր / Books | 30 Days Loan | ||||||||
| General | Fundamental Scientific Library | Fundamental Scientific Library | 21/12/2016 | AIII/6202 | FL0075610 | 21/12/2016 | 21/12/2016 | Գրքեր / Books | 30 Days Loan | ||||||||
| General | Fundamental Scientific Library | Fundamental Scientific Library | 21/12/2016 | AIII/6203 | FL0075609 | 21/12/2016 | 21/12/2016 | Գրքեր / Books | 30 Days Loan | ||||||||
| General | Fundamental Scientific Library | Fundamental Scientific Library | 21/12/2016 | AIII/7610 | 230007610 | 21/12/2016 | 20000.00 | 21/12/2016 | Գրքեր / Books | 30 Days Loan | 016:02(479.25) | ||||||
| Jahukyan Individual Collection | Fundamental Scientific Library | Fundamental Scientific Library | 04/08/2022 | Djauk/3528 | 906003528 | 21/12/2016 | 21/12/2016 | Գրքեր / Books | ILL Non-Circ. | Universal Decimal Classification | |||||||
| Reading Hall | Fundamental Scientific Library | Fundamental Scientific Library | 10/03/2021 | AIII/6201 | FL0088362 | 10/03/2021 | 10/03/2021 | Գրքեր / Books | ILL Non-Circ. | RH1-16/3/12 | Universal Decimal Classification |
ՀՀ Գիտությունների ազգային ակադեմիայի հիմնարար գիտական գրադարան = Fundamental Scientific Library of NAS RA
All site content, except where otherwise noted, is licensed under a